La "Revista de Occidente" y la formación de minorías (1923-1936) / (Record no. 93624)
[ view plain ]
| 000 -LEADER | |
|---|---|
| campo de control de longitud fija | 00643nam a2200217 i 4500 |
| 001 - NÚMERO DE CONTROL | |
| campo de control | 93624 |
| 003 - IDENTIFICADOR DE NÚMERO DE CONTROL | |
| campo de control | ES-MaACL |
| 005 - FECHA Y HORA DE LA ÚLTIMA TRANSACCIÓN | |
| campo de control | 20230906181257.0 |
| 007 - CAMPO FIJO DE DESCRIPCIÓN FÍSICA--INFORMACIÓN GENERAL | |
| campo de control de longitud fija | t| |
| 008 - DATOS DE LONGITUD FIJA--INFORMACIÓN GENERAL | |
| campo de control de longitud fija | 050415s1972 sp ||||1| spa d |
| 100 1# - ENTRADA PRINCIPAL--NOMBRE DE PERSONA | |
| Nombre de persona | López Campillo, Evelyne. |
| 9 (RLIN) | 73485 |
| 245 13 - MENCIÓN DEL TÍTULO | |
| Título | La "Revista de Occidente" y la formación de minorías (1923-1936) / |
| Mención de responsabilidad, etc. | Evelyne López Campillo. |
| 260 ## - PUBLICACIÓN, DISTRIBUCIÓN, ETC. | |
| Lugar de publicación, distribución, etc. | Madrid : |
| Nombre del editor, distribuidor, etc. | Taurus, |
| Fecha de publicación, distribución, etc. | 1972. |
| 300 ## - DESCRIPCIÓN FÍSICA | |
| Extensión | 319 p. ; |
| Dimensiones | 21 cm. |
| 490 1# - MENCIÓN DE SERIE | |
| Mención de serie | Perfiles ; |
| Designación de volumen o secuencia | 58 |
| 502 ## - NOTA DE TESIS | |
| Nota de tesis | Tesis doctoral. |
| 630 04 - PUNTO DE ACCESO ADICIONAL DE MATERIA--TÍTULO UNIFORME | |
| Título uniforme | Revista de Occidente. |
| 9 (RLIN) | 171942 |
| 830 1# - PUNTO DE ACCESO ADICIONAL DE SERIE-TÍTULO UNIFORME | |
| Título uniforme | Perfiles ; |
| Designación de volumen o secuencia | 58 |
| 9 (RLIN) | 232110 |
| 852 ## - LOCALIZACIÓN | |
| Ubicación | ES-MaACL |
| Número de control de estantería | C-48808 |
| Estatus retirado | Estado de pérdida | Estado de daño | No para préstamo | Biblioteca de origen | Biblioteca actual | Ubicación en estantería | Fecha de adquisición | Fuente de adquisición | Total de préstamos | Signatura topográfica completa | Código de barras | Visto por última vez | Precio de reemplazo | Tipo de ítem Koha |
|---|---|---|---|---|---|---|---|---|---|---|---|---|---|---|
| Biblioteca del Ateneo de Madrid | Biblioteca del Ateneo de Madrid | Depósito 2 | 17/01/2008 | C-48808 | 1097770 | 23/02/2023 | 23/02/2023 | Libro impreso |
